000 00326nam a22001217a 4500
082 _a004
_bDEP/I
100 _aDEPT OF EDUCATION, GOVT OF KERALA
245 _aINFORMATION TECHNOLOGY-IT AND CAREER, OPERATING SYSTEM
260 _aTRIVANDRUM
_bSIET6 KERALA
300 _bENGLISH-MALAYALAM VCD
650 _aIT
_zKERALA
942 _cVM
999 _c7983
_d7983